Hồ Chí Minh - Người bắc nhịp cầu đoàn kết hữu nghị giữa Việt Nam với các nước Châu Âu /
Đã lưu trong:
| 主要作者: | |
|---|---|
| 格式: | Bài viết |
| 语言: | Vietnamese |
| 主题: | |
| 标签: |
添加标签
没有标签, 成为第一个标记此记录!
|
| Thư viện lưu trữ: | Thư viện Trường Đại học Đà Lạt |
|---|
| LEADER | 00838nam a2200265 4500 | ||
|---|---|---|---|
| 001 | DLU090087975 | ||
| 005 | ##20091025 | ||
| 040 | # | # | |a DLU |b vie |
| 041 | # | # | |a vie |
| 044 | # | # | |a vn |
| 100 | # | # | |a Lê Văn Yên, |c PTS. |
| 245 | # | # | |a Hồ Chí Minh - Người bắc nhịp cầu đoàn kết hữu nghị giữa Việt Nam với các nước Châu Âu / |c Lê Văn Yên. |
| 653 | # | # | |a Đoàn kết quốc tế |
| 653 | # | # | |a Hồ Chí Minh, 1890-1969 |
| 653 | # | # | |a Người công sản |
| 773 | # | # | |t Nghiên cứu Châu Âu |g Số 3(21), 1998, tr. 50-54 |
| 920 | # | # | |a Phòng Tạp chí -- Trung tâm Thông tin - Thư viện Trường Đại học Đà Lạt |
| 994 | # | # | |a DLU |
| 900 | # | # | |a True |
| 911 | # | # | |a Nguyễn Thị Linh Chi |
| 925 | # | # | |a G |
| 926 | # | # | |a A |
| 927 | # | # | |a BB |
| 980 | # | # | |a Thư viện Trường Đại học Đà Lạt |